| 000 | 00438cam a2200193 4500 | ||
|---|---|---|---|
| 001 | D13581 | ||
| 008 | 090401t1933 xxu||||| |||| 00| 0 eng d | ||
| 035 | _a(Sirsi) u10521 | ||
| 041 | _aeng | ||
| 100 | _aParry, R. | ||
| 245 | 3 | _aAn elementary textbook on land surveying | |
| 250 | _a3rd | ||
| 260 |
_bEstates Gazette _c1933 |
||
| 350 | _a0 | ||
| 520 | _aShelf 133 | ||
| 700 | _aJenkins, W.R. | ||
| 942 | _n0 | ||
| 948 | _c04/03/1997 | ||
| 999 |
_c86754 _d86754 |
||